Нисдэг анги (Бичлэгийн дугаар. 925171)
[ энгийн харах ]
| 000 -Удирдлага | |
|---|---|
| Ном зүйн бүртгэл тоо буюу кодлох утгыг агуулсан | 00782nam a22002417a 4500 |
| 008 - ЕРӨНХИЙ МЭДЭЭЛЭЛ-ЭЛЕМЕНТҮҮДИЙН ӨГӨГДЛИЙН УРТ | |
| fixed length control field | 240619b mp ||||| |||| 00| 0 mon d |
| 020 ## - ОЛОН УЛСЫН СТАНДАРТ НОМЫН ДУГААР-ISBN | |
| Олон Улсын Стандарт Номын Дугаар | 978-9919-517-96-0 |
| 035 ## - СИСТЕМИЙН ХЯНАЛТЫН ДУГААР | |
| Системийн хяналтын дугаар | 24077 |
| 040 ## - ЭХ СУРВАЛЖИЙГ ТОДОРХОЙЛОН БИЧИХ | |
| Анхны каталогийн байгууллага | UV1862160 |
| Каталогийн хэл | Монгол |
| Бичлэг хийж нэвтрүүлэх байгууллага | MN-UlNLM |
| Өөрчлүүлэх байгууллага | MN-UlNLM |
| Бичиглэлийн тодорхойлолт | rda |
| 041 ## - ХЭЛНИЙ КОД | |
| Текстийн хэлний код/фонограм буюу салангид гарчиг | Монгол |
| 042 ## - AUTHENTICATION CODE | |
| Authentication code | 53782 |
| 082 ## - ДЬЮИ АРАВТЫН АНГИЛЛЫН ДУГААР | |
| Дьюигийн аравтын ангилал | 10-t |
| Classification number | 808.899 |
| Item number | К.98 |
| 100 ## - ЗОХИОГЧИЙН ХЭСЭГ | |
| Зохиогчийн нэр | Эрих Э. |
| 245 #0 - ҮНДСЭН ГАРЧИГ | |
| Гарчиг | Нисдэг анги |
| 264 ## - ГАРАЛТЫН МЭДЭЭ | |
| Хэвлэгдсэн газар | УБ. |
| Бүтээгч, хэвлэгч, түгээгч, үйлдвэрлэгчийн нэр | Мон судар хэвлэлийн газар |
| Хэвлэгдсэн он | 2022 |
| 300 ## - ТООНЫ МЭДЭЭ | |
| Хуудасны тоо | 213х. |
| 336 ## - АГУУЛГЫН ТӨРӨЛ | |
| Нөөц | rdacontent |
| Агуулгын төрлийн нөхцөл | text |
| Агуулгын төрлийн код | txt |
| 337 ## - MEDIA TYPE | |
| Эх сурвалж | rdamedia |
| Файлын төрөл | unmediated |
| Файлын код | n |
| 338 ## - CARRIER TYPE | |
| Source | rdacarrier |
| Carrier type term | volume |
| Carrier type code | nc |
| 650 ## - Сэдэв | |
| Сэдэв | Хүүхдийн шилдэг зохиолын гайхамшгийн эрэлд цуврал номоос .......... |
| 942 ## - ЭЛЕМЕНТИЙН ТӨРӨЛ | |
| Анги | Аравтын ангилал |
| Төрөл | Ном |
| Буцаан татагдсан төлөв | Хасагдсан шалтгаан | Гэмтсэн төлөв | Данс заагч | Захиалах боломжгүй | Үндсэн номын сан | Одоогийн байршил | Салбар танхим | Салбар танхим | Бүртгэсэн огноо | Тавиурын заалт | Баркод | Үнэ | Хамгийн сүүлд байсан огноо | Нийт уншлаганд гарсан тоо | Дансны дугаар | Төрөл |
|---|---|---|---|---|---|---|---|---|---|---|---|---|---|---|---|---|
| Өвөрхангай аймаг | Өвөрхангай аймаг | Өвөрхангай | Өргөө-2 | Өвөрхангай | Өргөө-2 | 2024-06-20 | 808.899 К.98 | UV18624077-3-1 | 18090.00 | 2024-06-20 | 51098 | Ном | ||||||
| Өвөрхангай аймаг | Өвөрхангай аймаг | Өвөрхангай | Боловсрол танхим | Өвөрхангай | Боловсрол танхим | 2024-06-20 | 808.899 К.98 | UV18624077-4-1 | 18090.00 | 2024-06-20 | 51099 | Ном | ||||||
| Өвөрхангай аймаг | Өвөрхангай аймаг | Өвөрхангай | Гэрээр олгох танхим | Өвөрхангай | Гэрээр олгох танхим | 2024-06-20 | 808.899 К.98 | UV18624077-5-1 | 19900.00 | 2024-06-20 | 51375 | Ном |